Atlas de los bosques nativos argentinos /
Guardado en:
| Autor Corporativo: | |
|---|---|
| Formato: | Mapa |
| Idioma: | Spanish |
| Publicado: |
[Buenos Aires] :
Dirección de Bosques, Secretaría de Ambiente y Desarrollo Sustentable,
2004.
|
| Materias: | |
| Etiquetas: |
Agregar Etiqueta
Sin Etiquetas, Sea el primero en etiquetar este registro!
|
| LEADER | 01047cem a22002654a 4500 | ||
|---|---|---|---|
| 001 | EEA.libagro010299 | ||
| 005 | 20180523112423.0 | ||
| 007 | ad#canzn | ||
| 008 | 100219s2004####ag########e##f##0###spa## | ||
| 010 | |a 2010587115 | ||
| 020 | |a 9879625641 | ||
| 034 | 0 | |a a | |
| 040 | |a DLC |c DLC | ||
| 050 | 0 | 0 | |a G1756.D2 |b A7 2004 |
| 052 | |a 5351 | ||
| 082 | 0 | 0 | |a 582.160982 |
| 110 | 1 | |a Argentina. |b Secretaría de Ambiente y Desarrollo Sustentable. | |
| 245 | 1 | 0 | |a Atlas de los bosques nativos argentinos / |c Dirección de Bosques, Secretaría de Ambiente y Desarrollo Sustentable. |
| 255 | |a Escala no mencionada | ||
| 260 | |a [Buenos Aires] : |b Dirección de Bosques, Secretaría de Ambiente y Desarrollo Sustentable, |c 2004. | ||
| 300 | |a 1 atlas (243, [2 p.]) : |b il. (algunas col.), mapas (algunos col., algunos pleg.) ; |c 30 cm. | ||
| 500 | |a "República Argentina"-- Cubierta. | ||
| 504 | |a Incluye referencias bibliográficas (p. [244-245]). | ||
| 650 | 0 | |a Fitogeografía |z Argentina |v Mapas. | |
| 859 | |a AR-BbBCA |b BIB. AGRONOMIA |h 582.160982 |i A691 |p 2005/4714 | ||
